Biblioteka Instytutu Północnego w Olsztynie

Handel i polityka handlowa Polski w XVI stuleciu. (Rekord nr 27755)

Szczegóły MARC
000 -Nagłówek
fixed length control field 01422cam a2200349 i 4500
001 - Nr kontrolny bibl., która utworzyła rek.
control field zz2003855506
003 - Siglum bibl., której nr kontr. jest w 001
control field NUKAT
005 - Data i czas ostatniej operacji
control field 20260424215836.0
008 - Elementy pola stałej długości
fixed length control field 031210s1928 pl |000 0 pol c
035 ## - Systemowy numer kontrolny
systemowy numer kontrolny (OCoLC)749204168
035 ## - Systemowy numer kontrolny
systemowy numer kontrolny (NUKAT)zz2003855506
040 ## - Instytucja sporządzająca opis
Instytucja, która sporządziła opis GD U/DC
Instytucja, która sporządziła rekord GD U/DC
Instytucja, która zmodyfikowała rekord GD U/DC
-- GD U/KMs
-- WA N/ZKjb
-- WA N/RZmgs
-- TOR U/kn
-- WA 14/DG
100 1# - Hasło główne-nazwa osobowa
Nazwa osobowa Rybarski, Roman
Daty biograficzne (1887-1942).
9 (RLIN) 1660
245 10 - Tytuł właściwy i oznaczenie odpow.
tytuł Handel i polityka handlowa Polski w XVI stuleciu.
numer części/sekcji pracy T. 1,
tytuł części/sekcji pracy Rozwój handlu i polityki handlowej /
dod. inf. ze s. tyt./ozn. odpow. Roman Rybarski.
246 30 - Inne formy tytułu, wariant tytułu
tytuł Rozwój handlu i polityki handlowej
260 ## - Adres wydawniczy
miejsce wydania, dystrybucji itp. Poznań :
nazwa wydawcy, dystrybutora itp. Towarzystwo Miłośników miasta Poznania,
data wydania, dystrybucji itp. 1928
miejsce druku (Poznań :
nazwa drukarni Drukarnia Robotników Chrześcijańskich).
300 ## - Opis fizyczny
objętość i/lub forma materiału 363 s. ;
format 24 cm.
336 ## - Content Type
Term Tekst
Code txt
Source rdacontent
337 ## - Media Type
Term Bez urządzenia pośredniczącego
Code n
Source rdamedia
338 ## - Carrier Type
Term Wolumin
Code nc
Source rdacarrier
380 ## - Form of work
Form of work Książki
530 ## - Uwaga o dod. formie fiz. materiału
uwaga o dodatkowej fizycznej formie dokumentu Dostępny również w formie elektronicznej.
648 #7 - SUBJECT ADDED ENTRY--CHRONOLOGICAL TERM
Chronological term 1501-1600
Source of heading or term DBN
9 (RLIN) 36032
650 #7 - Hasło przedmiotowe-nazwa pospolita
nazwa pospolita lub geogr. Handel
źródło hasła DBN
9 (RLIN) 40498
651 #7 - Hasło przedmiotowe-nazwa geogr.
nazwa geograficzna Polska
źródło hasła DBN
9 (RLIN) 35076
651 #7 - Hasło przedmiotowe-nazwa geogr.
nazwa geograficzna Polska
określnik rzeczowy handel zagraniczny
określnik chronologiczny 16 w.
źródło hasła kaba
9 (RLIN) 40499
658 ## - Nazwa określająca cel programu nauczania
główny cel programu nauczania Gospodarka, ekonomia, finanse
710 2# - Hasło dodatkowe - nazwa ciała zbior.
nazwa ciała zbior. lub nazwa geogr. Towarzystwo Miłośników Miasta Poznania.
kod rodzaju współpracy pbl
9 (RLIN) 40500
856 41 - Elektroniczne źródła danych i spos. dost.
URL (Uniform Resource Locator) <a href="http://kpbc.umk.pl/publication/67855">http://kpbc.umk.pl/publication/67855</a>
856 48 - Elektroniczne źródła danych i spos. dost.
określenie materiału Okładka
URL (Uniform Resource Locator) <a href="http://www.nukat.edu.pl/nukat/icov/TORU/zz2003855506.jpg">http://www.nukat.edu.pl/nukat/icov/TORU/zz2003855506.jpg</a>
942 ## - ADDED ENTRY ELEMENTS (KOHA)
Source of classification or shelving scheme Dewey Decimal Classification
Koha item type pozycje dostępne na miejscu
Egzemplarze
Status wycofania Status zagubienia Klasyfikacja Status uszkodzenia Blokada wypożyczeń Kolekcja Lokalizacja macierzysta Lokalizacja bieżąca Data nabycia Numer akcesji Źródło akcesji Nr inwentarzowy il. wypożyczeń Sygnatura Kod kreskowy Date last seen Price effective from Typ egz.
    Dewey Decimal Classification nieuszkodzona   Pracownia Badań Księgozbiorów Historycznych Biblioteka Instytutu Północnego w Olsztynie Pracownia Badań Księgozbiorów Historycznych 24/04/2026 K-69/1965 kupno 16404/1   16404/1 ipwk16677 24/04/2026 24/04/2026 pozycje dostępne na miejscu
Biblioteka Instytutu Północnego, ul. Partyzantów 87, 10-402 Olsztyn, email: biblioteka(at)ip.olsztyn.pl